000 00316nam a2200145Ia 4500
008 221030s9999 xx 000 0 und d
041 _aEnglish
082 _a105.23
100 _aRicha Mahajan/99
245 0 _aCustomer Support System
250 _a2005
260 _aJammu
_c2005
650 _aMCA
942 _cTH
999 _c6139
_d6139